000 00618nam a2200193Ii 4500
003 JO-AjNU
008 230605s9999||||xx |||||||||||||| ||und||
040 _aJO-AjNU
_bara
_erda
_cJO-AjNU
041 _aara
050 1 4 _aps3513.i2 j439312 1984
100 3 _aجبران ،خبران خليل/دراسة وتحليا نازك يارد ,
_eauthor
_914026
245 0 0 _aيسوع ابن الانسان
264 3 1 _aدمشق :طلاس للنشر ، 1984
300 _a261ص
336 _atext
_btxt
_2rdacontent
337 _aunmediated
_bn
_2rdamedia
338 _avolume
_bnc
_2rdacarrier
650 4 _aرويات
_914027
999 _aA3642
_c7210
_d7210